<?xml version="1.0" encoding="UTF-8"?><?xml-stylesheet type="text/xsl" href="static/style.xsl"?><OAI-PMH xmlns="http://www.openarchives.org/OAI/2.0/" xmlns:xsi="http://www.w3.org/2001/XMLSchema-instance" xsi:schemaLocation="http://www.openarchives.org/OAI/2.0/ http://www.openarchives.org/OAI/2.0/OAI-PMH.xsd"><responseDate>2026-04-13T01:12:26Z</responseDate><request verb="GetRecord" identifier="oai:www.recercat.cat:11351/6278" metadataPrefix="marc">https://recercat.cat/oai/request</request><GetRecord><record><header><identifier>oai:recercat.cat:11351/6278</identifier><datestamp>2024-12-13T09:47:47Z</datestamp><setSpec>com_2072_378071</setSpec><setSpec>com_2072_378040</setSpec><setSpec>col_2072_378097</setSpec></header><metadata><record xmlns="http://www.loc.gov/MARC21/slim" xmlns:dcterms="http://purl.org/dc/terms/" xmlns:xsi="http://www.w3.org/2001/XMLSchema-instance" xmlns:doc="http://www.lyncode.com/xoai" xsi:schemaLocation="http://www.loc.gov/MARC21/slim http://www.loc.gov/standards/marcxml/schema/MARC21slim.xsd">
   <leader>00925njm 22002777a 4500</leader>
   <datafield ind2=" " ind1=" " tag="042">
      <subfield code="a">dc</subfield>
   </datafield>
   <datafield ind2=" " ind1=" " tag="720">
      <subfield code="a">Grau Vorster, Marta</subfield>
      <subfield code="e">author</subfield>
   </datafield>
   <datafield ind2=" " ind1=" " tag="720">
      <subfield code="a">Lopez Montañes, Maria</subfield>
      <subfield code="e">author</subfield>
   </datafield>
   <datafield ind2=" " ind1=" " tag="720">
      <subfield code="a">Canto Puig, Ester</subfield>
      <subfield code="e">author</subfield>
   </datafield>
   <datafield ind2=" " ind1=" " tag="720">
      <subfield code="a">Vives Armengol, Joaquim</subfield>
      <subfield code="e">author</subfield>
   </datafield>
   <datafield ind2=" " ind1=" " tag="720">
      <subfield code="a">Oliver-Vila, Irene</subfield>
      <subfield code="e">author</subfield>
   </datafield>
   <datafield ind2=" " ind1=" " tag="720">
      <subfield code="a">Barba Suñol, Pere</subfield>
      <subfield code="e">author</subfield>
   </datafield>
   <datafield ind2=" " ind1=" " tag="720">
      <subfield code="a">Rudilla Salvador, Francesc</subfield>
      <subfield code="e">author</subfield>
   </datafield>
   <datafield ind2=" " ind1=" " tag="260">
      <subfield code="c">2021-09-08T07:38:53Z</subfield>
   </datafield>
   <datafield ind2=" " ind1=" " tag="260">
      <subfield code="c">2021-09-08T07:38:53Z</subfield>
   </datafield>
   <datafield ind2=" " ind1=" " tag="260">
      <subfield code="c">2020-02-25</subfield>
   </datafield>
   <datafield ind2=" " ind1=" " tag="520">
      <subfield code="a">Immunoteràpia adoptiva; Citotoxicitat; Limfòcits T específics del virus (VST)</subfield>
   </datafield>
   <datafield ind2=" " ind1=" " tag="520">
      <subfield code="a">Inmunoterapia adoptiva; Citotoxicidad; Linfocitos T específicos de virus (VST)</subfield>
   </datafield>
   <datafield ind2=" " ind1=" " tag="520">
      <subfield code="a">Adoptive immunotherapy; Cytotoxicity; Virus specific T lymphocytes (VST)</subfield>
   </datafield>
   <datafield ind2=" " ind1=" " tag="520">
      <subfield code="a">Immunosuppressed patients are susceptible to virus reactivation or de novo infection. Adoptive immunotherapy, based on virus-specific T lymphocytes (VST), can prevent or treat viral diseases. However, donor availability, HLA-compatibility restrictions, high costs, and time required for the production of personalized medicines constitute considerable limitations to this treatment. Ex vivo rapid and large-scale expansion of VST, compliant with current good manufacturing practice (cGMP) standards, with an associated cell donor registry would overcome these limitations. This study aimed to characterize a VST product obtained through an expansion protocol transferable to cGMP standards. Antigenic stimulus consisted of cytomegalovirus (CMV) pp65 peptide pool-pulsed autologous dendritic cells (DCs) derived from monocytes. G-Rex technology, cytokines IL-2, IL-7, and IL-15, and anti-CD3 and anti-CD28 antibodies were used for culture. At day 14 of cell culture, the final product was characterized regarding T cell subsets, specificity, and functionality. The final product, comprised mainly CD4+ and CD8+ T lymphocytes (49.2 ± 24.7 and 42.3 ± 25.2, respectively). The culture conditions made it possible to achieve at least a 98.89-fold increase in pp65-specific CD3+ IFN-γ+ cells. These cells were specific, as pp65-specific cytotoxicity was demonstrated. Additionally, in complete HLA mismatch and without the presence of pp65, alloreactivity resulted in &lt;5% cell lysis. In conclusion, a cGMP scalable process for the generation of a large number of doses of CMV-specific cytotoxic T cells was successfully performed.</subfield>
   </datafield>
   <datafield ind2=" " ind1=" " tag="520">
      <subfield code="a">Work in our laboratory was supported by the Spanish Cell Therapy Network (TerCel, file No. RD16/0011/0028), and carried out as part of AdvanceCat with the support of ACCIÓ (Catalonia Trade &amp; Investment; Catalan government) under the Catalonian ERDF operational program (European Regional Development Fund) 2014-2020. Our laboratory was certified by the Catalan government as a Consolidated Research Group (ref. 2017SGR719).</subfield>
   </datafield>
   <datafield ind1="8" ind2=" " tag="024">
      <subfield code="a">http://hdl.handle.net/11351/6278</subfield>
   </datafield>
   <datafield tag="653" ind2=" " ind1=" ">
      <subfield code="a">Infeccions per citomegalovirus</subfield>
   </datafield>
   <datafield tag="653" ind2=" " ind1=" ">
      <subfield code="a">Cèl·lules T</subfield>
   </datafield>
   <datafield tag="653" ind2=" " ind1=" ">
      <subfield code="a">Immunoteràpia</subfield>
   </datafield>
   <datafield tag="653" ind2=" " ind1=" ">
      <subfield code="a">ANALYTICAL, DIAGNOSTIC AND THERAPEUTIC TECHNIQUES, AND EQUIPMENT::Therapeutics::Biological Therapy::Immunomodulation::Immunotherapy::Immunization::Immunization, Passive::Adoptive Transfer::Immunotherapy, Adoptive</subfield>
   </datafield>
   <datafield tag="653" ind2=" " ind1=" ">
      <subfield code="a">ANATOMY::Cells::Blood Cells::Leukocytes::Leukocytes, Mononuclear::Cytokine-Induced Killer Cells::T-Lymphocytes, Cytotoxic</subfield>
   </datafield>
   <datafield tag="653" ind2=" " ind1=" ">
      <subfield code="a">DISEASES::Virus Diseases::DNA Virus Infections::Herpesviridae Infections::Cytomegalovirus Infections</subfield>
   </datafield>
   <datafield tag="653" ind2=" " ind1=" ">
      <subfield code="a">ENFERMEDADES::virosis::infecciones por virus ADN::infecciones por Herpesviridae::infecciones por Citomegalovirus</subfield>
   </datafield>
   <datafield tag="653" ind2=" " ind1=" ">
      <subfield code="a">TÉCNICAS Y EQUIPOS ANALÍTICOS, DIAGNÓSTICOS Y TERAPÉUTICOS::terapéutica::terapia biológica::inmunomodulación::inmunoterapia::inmunización::inmunización pasiva::transferencia adoptiva::inmunoterapia adoptiva</subfield>
   </datafield>
   <datafield tag="653" ind2=" " ind1=" ">
      <subfield code="a">ANATOMÍA::células::células sanguíneas::leucocitos::leucocitos mononucleares::células asesinas inducidas por citocinas::linfocitos T citotóxicos</subfield>
   </datafield>
   <datafield ind2="0" ind1="0" tag="245">
      <subfield code="a">Characterization of a Cytomegalovirus-Specific T Lymphocyte Product Obtained Through a Rapid and Scalable Production Process for Use in Adoptive Immunotherapy</subfield>
   </datafield>
</record></metadata></record></GetRecord></OAI-PMH>